000 00801nam0a22002531 4500
001 rc\872072
005 20041129093407.4
035 _a(NLR Aleph) 006050407
090 _a4799738
_c4799738
100 _a20041129d1984 u |0rusy50 ca
101 0 _arus
102 _aRU
105 _ay |||||||||
200 1 _aРяд - язык программирования для распределенных вычислений
210 _aЛ.
_cЛИЯФ
_d1984
215 _a48 с.
_d20
225 1 _aПрепринт
_fАН СССР, Ленингр. н.-и. ВЦ
_v№ 28
320 _aБиблиогр.: с. 48
700 1 _aТоргашев
_bВ. А.
_gВалерий Антонович
801 0 _aRU
_bNLR
_gpsbo
801 1 _aRU
_bELAR
_2rusmarc
852 _aNLR
_j85-4/11124
942 _cBOOK
980 _aNB